000 00320nam a22001337a 4500
008 170530b xxu||||| |||| 00| 0 eng d
020 _a9780205790616
041 _aeng
080 _26TH
_a94(7/8)
100 _a17
101 _aSHH
245 _aRACE AND ETHNICITY IN THE UNITED STATES
_cSCHAEFER,R.T
942 _2udc
_cBK
999 _c15092
_d15092